Star wars quiz - Statistics

General Stats
  • This quiz has been taken 14 times
    2 since last reset
  • The average score is 3 of 15
Answer Stats
Hint Answer % Correct
Vaders master Sidious
100%
Anakins padawan Ahsoka Tano
50%
Who is Lukes sister Leia Organa
50%
The new lego star wars game The Skywalker Saga
50%
Who say this it,s a trap Admiral Ackbar
0%
Who is Anakins favorite clone Captain Rex
0%
Who is Obi wans favorite clone Comandor Cody
0%
Who is Sidious's master Darth Plagueis
0%
Who is the best jedi Luke Skywalker
0%
Who is Yodas master N'Kata Del Gormo
0%
What is yodas species No body Knows
0%
What is the droid capital ship The droid control ship
0%
The worst star wars movie The Phantom Menace
0%
what is best the preguels or the original or the seguels The Preguels
0%
the best star wars movie The Revenge of the sith
0%
No matching quizzes found
Score Distribution
Percent of People with Each Score
Percentile by Number Answered
Your Score History
You have not taken this quiz since the last reset